Introducción a las Ciencias del Espíritu.
সংরক্ষণ করুন:
| প্রধান লেখক: | |
|---|---|
| বিন্যাস: | গ্রন্থ |
| ভাষা: | স্প্যানিশ |
| প্রকাশিত: |
Buenos Aires, Argentina
Espasa-Calpe
1948
|
| বিষয়গুলি: | |
| ট্যাগগুলো: |
ট্যাগ যুক্ত করুন
কোনো ট্যাগ নেই, প্রথমজন হিসাবে ট্যাগ করুন!
|
MARC
| LEADER | 00000cam a2200000 a 4500 | ||
|---|---|---|---|
| 001 | UCZ7090 | ||
| 003 | CL-VaPUC | ||
| 005 | 20210604001604.0 | ||
| 008 | 951222e19480000AG |||||||||||||||||spa|d | ||
| 999 | |c 243213 |d 243211 | ||
| 040 | |c Pontificia Universidad Católica de Valparaíso | ||
| 082 | 0 | 4 | |a 144 DIL 1948 |2 21 |
| 100 | 0 | |a Dilthey, Guillermo |9 351819 | |
| 245 | 1 | 0 | |a Introducción a las Ciencias del Espíritu. |
| 260 | 0 | 3 | |a Buenos Aires, Argentina |b Espasa-Calpe |c 1948 |
| 300 | |a 2 volúmenes. | ||
| 505 | |a v.2: La metafísica como fundamento de las ciencias del espíritu: su dominio y su decadencia. | ||
| 583 | |a last modification |c 20170921 03:49:18 |k Rodrigo Vera | ||
| 650 | 0 | |a Humanismo |9 256530 | |
| 650 | 0 | |a Escuelas filosóficas |9 266232 | |
| 650 | 0 | |a Metafísica |9 265649 | |
| 650 | 0 | |a Filosofía del espíritu |9 320175 | |
| 650 | 0 | |a Historia |9 255047 | |
| 942 | |c BK |2 ddc | ||
| 945 | |d 19951222 00:00:00 |a cmena | ||
| 952 | |0 0 |1 0 |2 ddc |4 0 |6 144_000000000000000_DIL_1948 |7 0 |8 P |9 256712 |a BIBEDU |b BIBEDU |c BIBEDU_PB |d 2019-11-19 |h v.2 |i 1607979 |o 144 DIL 1948 |p 1607979 |r 2024-01-25 |t 2 |w 2019-11-19 |y BK |k FIL | ||
| 952 | |0 0 |1 0 |2 ddc |3 erd |4 0 |6 144_000000000000000_DIL_1948 |7 0 |8 X |9 256713 |a FDOBUD |b FDOBUD |h v.1 |i 5425581 |o 144 DIL 1948 |p 5425581 |r 2019-11-19 |t 1 |w 2019-11-19 |y BK_X |z Catalogado en:20170922 |k BUD | ||
| 952 | |0 0 |1 0 |2 ddc |3 erd |4 0 |6 144_000000000000000_DIL_1948 |7 0 |8 X |9 256714 |a FDOBUD |b FDOBUD |h v.2 |i 542559K |o 144 DIL 1948 |p 542559K |r 2019-11-19 |t 1 |w 2019-11-19 |y BK_X |z Catalogado en:20170922 |k BUD | ||